The persistent objector rule in international law

Saved in:
Bibliografiske detaljer
Hovedforfatter: Green, James A (Author)
Format: Bog
Sprog:engelsk
Udgivet: Oxford Oxford University Press 2016
Udgivelse:1a. ed
Fag:
Tags: Tilføj Tag
Ingen Tags, Vær først til at tagge denne postø!

MARC

LEADER 00000cam a2200000 a 4500
001 UCC1784
003 CL-VaPUC
008 171124e20160000uk |||||||||||||||||eng|d
020 |a 9780198704218 
082 0 4 |a 341  |b GRE  |2 21 
100 0 |a Green, James A  |e author  |9 595858 
245 1 4 |a The persistent objector rule in international law 
250 |a 1a. ed 
300 |a 317 p 
942 |c BK 
945 |d 20171124 15:27:00  |a arojas 
260 |a Oxford  |b Oxford University Press  |c 2016 
650 0 |a Derecho internacional  |9 255637 
583 |a last modification  |c 20171124 15:27:00  |k Rodrigo Vera 
999 |c 370149  |d 370147 
952 |0 0  |1 0  |3 erd  |4 0  |6 341_000000000000000_GRE_2016  |7 0  |8 A  |9 486472  |a BIBDER  |b BIBDER  |i 5438152  |o 341 GRE 2016  |p 5438152  |r 2023-01-25  |w 2019-11-24  |y BK  |z Catalogado en:20171124  |k DER